[Event "NOR-ch Class2"]
[Site "Lillehammer"]
[Date "2013.06.29"]
[Round "3"]
[White "Harberg, Sven E"]
[Black "Drevvatn, Ketil"]
[Result "0-1"]
[WhiteElo "1589"]
[BlackElo "1492"]
[PlyCount "40"]
[EventDate "2013.06.29"]
[EventType "swiss"]
[EventRounds "9"]
[EventCountry "NOR"]
[SourceTitle "EXT 2017"]
[Source "ChessBase"]
[SourceDate "2016.10.25"]
[SourceVersion "1"]
[SourceVersionDate "2016.10.25"]
[SourceQuality "1"]

1. d4 g6 2. c4 Bg7 3. Nc3 Nf6 4. e4 d6 5. f3 0-0 6. Be3 Nbd7 7. Qd2 e5 8. Nge2 Nb6 9. b3 a5 10. Rd1 exd4 11. Nxd4 Qe7 12. Nd5 Nbxd5 13. cxd5 Re8 14. Kf2 Nd7 15. g3 Nc5 16. Bg2 Qf6 17. f4 Bg4 18. Bf3 Nxe4+ 19. Bxe4 Bxd1 20. Rxd1 Rxe4 0-1

[Event "NOR-ch Class2"]
[Site "Lillehammer"]
[Date "2013.06.29"]
[Round "8"]
[White "Tangelder, Yonne"]
[Black "Harberg, Sven E"]
[Result "1-0"]
[WhiteElo "1537"]
[BlackElo "1589"]
[PlyCount "35"]
[EventDate "2013.06.29"]
[EventType "swiss"]
[EventRounds "9"]
[EventCountry "NOR"]
[SourceTitle "EXT 2017"]
[Source "ChessBase"]
[SourceDate "2016.10.25"]
[SourceVersion "1"]
[SourceVersionDate "2016.10.25"]
[SourceQuality "1"]

1. e4 e6 2. d4 d5 3. e5 c5 4. c3 Nc6 5. Nf3 f6 6. Be2 fxe5 7. dxe5 Qc7 8. Bf4 Nge7 9. 0-0 Ng6 10. Bg3 Ngxe5 11. Nxe5 Nxe5 12. Bb5+ Bd7 13. Qh5+ g6 14. Qxe5 Qxe5 15. Bxd7+ Kxd7 16. Bxe5 Rg8 17. Nd2 Bd6 18. Rae1 1-0